000 00901nam a2200193 a 4500
008 130830s2011 ||||||||||||||||| || u
020 _a9781849290555
050 _aHF 1611 Mor
100 _aMorrissey, Oliver
245 1 4 _aThe impact of China and India on Sub-Saharan Africa: opportunities, challenges and policies
_cby Oliver Morrissey and Evious Zgovu
260 _aLondon:
_bCommonwealth Secretariat
_c2011
300 _aix, 75p.: ill.
650 _aAFRICA, SUB-SAHARAN--FOREIGN ECONOMIC RELATIONS--INDIA
650 _aCHINA--FOREIGN ECONOMIC RELATIONS--AFRICA, SUB-SAHARAN
650 _aINDIA--FOREIGN ECONOMIC RELATIONS--AFRICA, SUB-SAHARAN
650 _aAFRICA, SUB-SAHARAN--FOREIGN ECONOMIC RELATIONS
700 _aZgovu, Evious
995 _FCBU-MAIN LIBRARY (Kitwe)
_M1
_UAVAILABLE
_WSep 13, 2013
_ZMain Library Open Access Collection
999 _c46230
_d46230